| 000 | 00680nam a2200217 4500 | ||
|---|---|---|---|
| 001 | 127648 | ||
| 003 | ES-MaACL | ||
| 005 | 20260426162625.0 | ||
| 007 | t| | ||
| 008 | 070214s1981 sp r ||||1| spa d | ||
| 100 | 1 |
_aRilke, Rainer Maria, _d1875-1926 _997230 |
|
| 245 | 1 | 4 |
_aLos apuntes de Malte Laurids Brigge / _cRainer Maria Rilke ; traducción de Francisco Ayala. |
| 260 |
_aMadrid : _bAlianza, _c1981. |
||
| 300 |
_a175 p. ; _c20 cm. |
||
| 490 | 1 |
_aAlianza tres ; _v65 |
|
| 700 | 1 |
_aAyala, Francisco, _d1906-2009 _924111 |
|
| 830 | 0 | 0 |
_aAlianza tres _v65 _9177344 |
| 852 |
_aES-MaACL _jA-7806 _xL-1031 _bR.101476 |
||
| 852 |
_aES-MaACL _jL-1892 _bR.102685 |
||
| 999 |
_c127648 _d127648 |
||